| 000 | 00835nam a22002777a 4500 | ||
|---|---|---|---|
| 001 | 9434 | ||
| 003 | FISKH | ||
| 005 | 20260106160500.0 | ||
| 008 | 260106b cb ||||| |||| 00| 0 eng d | ||
| 020 | _a0333450620 | ||
| 040 |
_aFISKH _beng _cFISKH _dFISKH |
||
| 050 | _aPZ7 | ||
| 082 | _a728 | ||
| 100 |
_aThomas, Ron _eAuthor |
||
| 245 |
_aBuilding a house / _cRon Thomas and Jan Stutchbury ; Illustrated by Sharyn Madder |
||
| 260 |
_aBrisbane : _bThe Macmillan Company , _c1988 |
||
| 300 |
_a30 pages : _bcolor illustrations ; _c21 cm |
||
| 505 | _aG | ||
| 520 | _aA book talks about kinds of constructions for beginner readers. | ||
| 521 | 8 |
_a370
_bLexile estimate |
|
| 521 | 8 |
_aG
_bRaz-Plus |
|
| 650 |
_aConstruction _vOccupations |
||
| 700 |
_aMadder, Sharyn _eIllustrator |
||
| 942 |
_2ddc _cBK _n0 |
||
| 999 |
_c9434 _d9434 |
||